000
00317nam a22001457a 4500
008
211020b ||||| |||| 00| 0 eng d
020
_a
9780131569911
041
_a
eng
080
_a
311
082
_a
311
100
_a
54
101
_a
STA
245
_a
Fundamentals of Statistics
_c
Sullivan,M
942
_2
udc
_c
BK
999
_c
58302
_d
58302